Statistics for Country Flags With the Most Red

Click here to take the quiz!

General Stats

  • This quiz has been taken 19 times
  • The average score is 6 of 15

Answer Stats

HintAnswer% Correct
97.6%China
89%
98.3%Morocco
61%
93.2%Vietnam
61%
93.8%Turkey
56%
76.0%Denmark
50%
90.4%Tunisia
50%
77.1%Montenegro
44%
80.1%Switzerland
44%
87.4%Albania
39%
92.0%Kyrgyzstan
39%
75.0%Taiwan
39%
80.0%Latvia
28%
82.9%Tonga
22%
75.0%East Timor
11%
75.0%Samoa
11%

Score Distribution

Percentile by Number Answered

Percent of People with Each Score

Your Score History

You have not taken this quiz